Дело о явлении присутствующего [в Конторе строения] тайного советника князя Путятина из отпуска его из чужих краев и об увольнен...

Доступно только в Электронных читальных залах Найти на картеНа карте
RUSMARC
00003778nmc2a22002413x 450
001149977d7-4d27-4dc1-9a6a-bb2a3c3ce742
00520240126151952.0
100##$a20231003l17951795k l0rusy0189 ca
1010#$arus
102##$aRU
105##$ay###
1222#$ad
2001#$aДело о явлении присутствующего [в Конторе строения] тайного советника князя Путятина из отпуска его из чужих краев и об увольнении по именному указу [тоже] впредь до выздоровления
$j14 марта - 19 апреля 1795 г.
215##$a4 л.
$d36,5х26 см
251##$cДело
300##$aДело
371##$aДокумент не является опубликованным и широко распространяемым
461#0$1001625a9a7e-a890-4307-a7fe-826a2289a412
$12001
$aГоф-интендантская контора МИДв
$1251
$cФонд
$1852
$j470
462#0$1001847f1b65-a1c8-435f-ad63-a7f71cf87a8b
$12001
$aПо личному составу чиновников Гоф-интендантская конторы; о выдаче пособий и пенсий
$1251
$cОпись
$1852
$j4
$l84-518
801#0$aRU
$bРГИА
$c20231003
$gRCR
801#1$aRU
$bГлавНИВЦ
$c20231003
$2rusmarc
801#2$aRU
$bПБ им. Б.Н. Ельцина
$c20240126
$gRCR
$2rusmarc
850##$aРГИА
852##$aРГИА
$eФедеральное казенное учреждение "Российский государственный исторический архив" (РГИА)
$j205
937##$hРГИА
$d12406244
$aASBIBLIO_SCAN
035##$aRusGRCC00066229
856##$uhttp://readingroom.main.prlib.ru/item.aspx?id_node=n190648335&mode=full
Формат отображения